000
00239nam a22001097a 4500
082
_a
523.1 BAR'U
100
_a
BARNETT, L
_9
59489
245
_a
THE UNIVERSE AND DR. EINSTEIN
260
_a
USA
_b
MENTOR
_c
1960
300
_a
128P
942
_c
BK
999
_c
569455
_d
569455